Daňová licencia všeobecne a v príkladoch

Zákon č. 595/2003 Z. z. o dani z príjmov v z. n. p. bol novelizovaný zákonom č. 463/2014 Z. z., ktorým sa do zákona o dani z príjmov zavádza inštitút daňovej licencie od 1. 1. 2014. Daňová licencia nie je nová daň ani novozavedený poplatok, ale predstavuje minimálnu daň z príjmov, ktorá sa vzťahuje...

Ausführliche Beschreibung

Gespeichert in:
Bibliographische Detailangaben
1. Verfasser: Ugróczy, Soňa
Format: Buchkapitel
Sprache:Slowakisch
Schlagworte:
Tags: Tag hinzufügen
Keine Tags, Fügen Sie das erste Tag hinzu!

MARC

LEADER 00000naa a2200000 4500
001 0198127
005 20231208090941.3
041 0 |a slo 
044 |a SK 
245 1 0 |a Daňová licencia všeobecne a v príkladoch  |c Soňa Ugróczy 
520 |a Zákon č. 595/2003 Z. z. o dani z príjmov v z. n. p. bol novelizovaný zákonom č. 463/2014 Z. z., ktorým sa do zákona o dani z príjmov zavádza inštitút daňovej licencie od 1. 1. 2014. Daňová licencia nie je nová daň ani novozavedený poplatok, ale predstavuje minimálnu daň z príjmov, ktorá sa vzťahuje iba na daňovníka – právnickú osobu. 
610 2 0 |a dane z príjmov 
610 2 0 |a Slovensko 
610 2 0 |a zákony 
610 2 0 |a licencie daňové 
100 1 |a Ugróczy, Soňa